000 00620nac a22001811u 4500
010 _asa 67000466
020 _a8121902894
082 _a621.3
_bT398
090 _c93
_d93
100 _aTheraja, B. L. [from oalog]
245 1 2 _aA textbook of electrical technology /
_cB.L. Theraja, A.L. Theraja.
250 _arev. ed.
260 _aNew Delhi,
_bS Chand
_c2003
300 _a2432 p.
_billus. (part col.)
_c24 cm.
650 0 _aElectrical engineering
942 _cBB
_k621.3T398
999 _c93
_d93